[Event "Frankfurt Ch 2011"]
[Site "Ffm-Kalbach, LAZ"]
[Date "2011.05.16"]
[Round "3.53"]
[White "Thomele, Michael"]
[Black "Bock, Mario"]
[Result "1-0"]
[WhiteElo "1905"]
[BlackElo "1551"]
[PlyCount "77"]
[EventDate "2011.??.??"]
[WhiteTeam "SC 1959 Obernau"]
[BlackTeam "Sfr. Frankfurt 1921"]

1. e4 d6 2. d4 Nf6 3. Nc3 g6 4. Be3 c6 5. f3 Bg7 6. Qd2 O-O 7. Bh6 Nbd7 8. h4
e5 9. Bxg7 Kxg7 10. Nge2 h5 11. O-O-O b5 12. Ng3 b4 13. Nce2 a5 14. Kb1 Qb6 15.
Qg5 Kh7 16. dxe5 dxe5 17. Nc1 Qc7 18. Be2 Ng8 19. Nf1 f6 20. Qd2 Nb6 21. g4 Be6
22. Ng3 Rad8 23. Qe3 Rxd1 24. Rxd1 hxg4 25. fxg4 Rd8 26. Rf1 Nc4 27. Bxc4 Bxc4
28. Rh1 Be6 29. g5 f5 30. exf5 Bxf5 31. Nxf5 gxf5 32. h5 Kg7 33. Nd3 Rd5 34.
Qg1 Kf8 35. h6 Rd7 36. g6 Nxh6 37. Rxh6 Rg7 38. Qg5 Qd7 39. Rh8+ 1-0

[Event "Frankfurt Ch 2011"]
[Site "Ffm-Kalbach, LAZ"]
[Date "2011.05.16"]
[Round "3.54"]
[White "Ostermeier, Thorsten"]
[Black "Popp, Matthias"]
[Result "1-0"]
[WhiteElo "1936"]
[BlackElo "1522"]
[PlyCount "39"]
[EventDate "2011.??.??"]
[WhiteTeam "Sfr. Frankfurt 1921"]
[BlackTeam "SC Bergen-Enkheim 1922"]

1. d4 Nf6 2. Nf3 d6 3. c4 g6 4. Nc3 Bg7 5. h3 O-O 6. e4 c6 7. g4 Nbd7 8. Bg5 e5
9. d5 Qc7 10. Be2 Nc5 11. Nd2 a5 12. h4 Qd7 13. Rg1 h5 14. gxh5 Qh3 15. Rg3
Qh1+ 16. Nf1 Nfxe4 17. Bf3 Nxg3 18. Bxh1 Nxh1 19. Qf3 Bf5 20. Qxh1 1-0

[Event "Frankfurt Ch 2011"]
[Site "Ffm-Kalbach, LAZ"]
[Date "2011.05.16"]
[Round "3.55"]
[White "Bötticher, Tim"]
[Black "Kraus, Roman"]
[Result "1-0"]
[WhiteElo "2056"]
[BlackElo "1504"]
[PlyCount "69"]
[EventDate "2011.??.??"]
[WhiteTeam "Lübecker SV von 1873"]
[BlackTeam "SV Bergwinkel"]

1. e4 c6 2. d4 d5 3. Nc3 dxe4 4. Nxe4 Bf5 5. Ng3 Bg6 6. h4 h6 7. Nf3 Nd7 8. h5
Bh7 9. Bd3 Bxd3 10. Qxd3 e6 11. Bd2 Qc7 12. O-O-O O-O-O 13. Ne4 Be7 14. g3 e5
15. Qb3 f5 16. Nc3 e4 17. Nh4 Bxh4 18. Rxh4 Ngf6 19. Qe6 Qa5 20. Nxe4 Qd5 21.
Qxd5 cxd5 22. Nd6+ Kc7 23. Nf7 Rhf8 24. Nxd8 Kxd8 25. f3 Kc7 26. Re1 Rf7 27.
Rh2 Nb8 28. Bf4+ Kc8 29. Bxb8 Kxb8 30. Re5 Ne4 31. fxe4 fxe4 32. Rh4 Rf1+ 33.
Kd2 Rf2+ 34. Kd1 Rg2 35. Rg4 1-0

[Event "Frankfurt Ch 2011"]
[Site "Ffm-Kalbach, LAZ"]
[Date "2011.05.16"]
[Round "3.56"]
[White "Frank, Andreas"]
[Black "Crnjac, Zdravco"]
[Result "1-0"]
[WhiteElo "1833"]
[BlackElo "1482"]
[PlyCount "65"]
[EventDate "2011.??.??"]
[WhiteTeam "Biebertaler SF"]
[BlackTeam "TSG Nieder-Erlenbach 1888"]

1. e4 d6 2. d4 e6 3. c4 b6 4. Nc3 Bb7 5. Bd3 Nd7 6. Nge2 h6 7. Be3 Ne7 8. Qc2
g6 9. f3 Bg7 10. O-O a6 11. f4 Rg8 12. d5 e5 13. f5 g5 14. Qd2 f6 15. b4 Nc8
16. Ng3 Qe7 17. Be2 Nf8 18. Rfb1 Na7 19. Bh5+ Kd7 20. c5 b5 21. c6+ Nxc6 22.
dxc6+ Bxc6 23. Rd1 Nh7 24. Rac1 Rgc8 25. Rc2 Qd8 26. Nd5 Rab8 27. Bf7 Nf8 28.
Be6+ Nxe6 29. fxe6+ Kxe6 30. Rxc6 Ra8 31. Rdc1 Kd7 32. Nxc7 Rab8 33. Qxd6# 1-0

[Event "Frankfurt Ch 2011"]
[Site "Ffm-Kalbach, LAZ"]
[Date "2011.05.16"]
[Round "3.57"]
[White "Willenbring, Jens-Dirk"]
[Black "Neumann, Manfred"]
[Result "0-1"]
[WhiteElo "1489"]
[BlackElo "1768"]
[PlyCount "93"]
[EventDate "2011.??.??"]
[WhiteTeam "Bad Vilbeler Sfr.1985"]
[BlackTeam "SC 1961 König Nied"]

1. e4 c5 2. Nf3 d6 3. Bc4 Nf6 4. d3 e6 5. O-O Be7 6. Be3 Nc6 7. c3 O-O 8. Bb3
b6 9. Nbd2 Ba6 10. c4 Bb7 11. h3 Nd7 12. Bc2 Bf6 13. Qc1 Rc8 14. Nb3 Nde5 15.
Nxe5 dxe5 16. a3 Nd4 17. Nxd4 exd4 18. Bf4 e5 19. Bg3 Bg5 20. f4 Bh6 21. Qe1 f5
22. fxe5 Be3+ 23. Bf2 f4 24. Bd1 Qg5 25. Bg4 Rce8 26. Bxe3 dxe3 27. Qe2 Qxe5
28. Bf5 Bc8 29. Bxc8 Rxc8 30. b4 Rc6 31. b5 Rg6 32. Ra2 Rd8 33. Qf3 Rf6 34. Qe2
Rfd6 35. Rd1 Qe7 36. a4 Qd7 37. Ra3 Rg6 38. Kh2 Qd6 39. Kh1 Qf6 40. Rf1 Rg3 41.
Rf3 Rxf3 42. gxf3 Qh4 43. Ra1 Qxh3+ 44. Kg1 Rd6 45. Qh2 Rg6+ 46. Kh1 Qxf3+ 47.
Qg2 0-1

[Event "Frankfurt Ch 2011"]
[Site "Ffm-Kalbach, LAZ"]
[Date "2011.05.16"]
[Round "3.58"]
[White "Puzzo, Peter"]
[Black "Klein, Markus"]
[Result "0-1"]
[WhiteElo "1463"]
[BlackElo "1874"]
[PlyCount "108"]
[EventDate "2011.??.??"]
[WhiteTeam "Sfr. Frankfurt 1921"]
[BlackTeam "SC 1979 Hattersheim"]

1. d4 Nf6 2. c4 e6 3. Nc3 c5 4. Nf3 cxd4 5. Nxd4 Nc6 6. Nf3 Bb4 7. Bd2 d5 8. a3
Be7 9. e3 O-O 10. Be2 Ne4 11. O-O Bf6 12. Rc1 a6 13. cxd5 exd5 14. Be1 Be6 15.
Bd3 Ne5 16. Nd4 Nxd3 17. Qxd3 Nc5 18. Qd1 Rc8 19. Nce2 Qb6 20. b4 Ne4 21. f3
Nd6 22. Bf2 Qd8 23. Qd2 Nc4 24. Qd3 b5 25. Rfe1 Qd7 26. Rc2 Ne5 27. Qd2 Nc4 28.
Qd3 Ne5 29. Qd2 Rc4 30. Nf4 Rfc8 31. Rec1 g6 32. h4 Qe7 33. h5 g5 34. Nfe2 Kg7
35. Ng3 Qd7 36. Nxe6+ fxe6 37. Kf1 Rxc2 38. Rxc2 Nc4 39. Qd3 Ne5 40. Qd2 Nc4
41. Qd3 Ne5 42. Qd2 Rc4 43. Ke2 Qc7 44. Kd1 Nf7 45. e4 Be5 46. exd5 Rxc2 47.
Qxc2 Bxg3 48. Bxg3 Qxg3 49. dxe6 Qd6+ 50. Qd2 Qxe6 51. Qd4+ Qe5 52. Qxe5+ Nxe5
53. Kc2 Nc4 54. Kb3 Kf6 0-1

[Event "Frankfurt Ch 2011"]
[Site "Ffm-Kalbach, LAZ"]
[Date "2011.05.16"]
[Round "3.59"]
[White "Midanka, Vladimir"]
[Black "Mook, Karl-Jürgen"]
[Result "1-0"]
[WhiteElo "1712"]
[BlackElo "1611"]
[PlyCount "79"]
[EventDate "2011.??.??"]
[WhiteTeam "vereinslos"]
[BlackTeam "Sfr. Frankfurt 1921"]

1. Nf3 d5 2. d4 Nf6 3. c4 c6 4. Nc3 dxc4 5. e3 b5 6. g3 Nbd7 7. Bg2 Bb7 8. Bd2
e6 9. Nh4 a6 10. Qe2 Be7 11. e4 O-O 12. f4 Ne8 13. Nf3 Nb6 14. O-O Nf6 15. Be3
Re8 16. Nd2 Bb4 17. g4 Bxc3 18. bxc3 Na4 19. Rac1 Qa5 20. Nb1 Qc7 21. g5 Nd7
22. Rf3 c5 23. Rh3 g6 24. Qg4 Bc6 25. Rf1 Qb7 26. Rxh7 Kxh7 27. Qh4+ Kg8 28.
Rf3 Bxe4 29. Rh3 Kf8 30. Bxe4 Qxe4 31. Nd2 Qf5 32. Nf1 Nxc3 33. Ng3 Qb1+ 34.
Kg2 Qe4+ 35. Nxe4 Nxe4 36. dxc5 Rac8 37. Bd4 c3 38. Bf6 Ndxf6 39. gxf6 Nxf6 40.
Qxf6 1-0

[Event "Frankfurt Ch 2011"]
[Site "Ffm-Kalbach, LAZ"]
[Date "2011.05.16"]
[Round "3.60"]
[White "Zerhusen, Martin"]
[Black "Lehmann, Gerit"]
[Result "0-1"]
[WhiteElo "1650"]
[BlackElo "1471"]
[PlyCount "86"]
[EventDate "2011.??.??"]
[WhiteTeam "SV Oberursel"]
[BlackTeam "Sfr. Frankfurt 1921"]

1. d4 d5 2. c4 e6 3. Nc3 Nf6 4. Bg5 c6 5. e3 Be7 6. Nf3 O-O 7. a3 Nbd7 8. Bd3
dxc4 9. Bxc4 Nd5 10. Bxe7 Qxe7 11. O-O Nxc3 12. bxc3 Nf6 13. Qc2 b6 14. Be2 Bb7
15. a4 c5 16. Qb2 cxd4 17. cxd4 Rfc8 18. a5 bxa5 19. Rxa5 Be4 20. Rc1 Rab8 21.
Qa1 Rxc1+ 22. Qxc1 Rb1 23. Qxb1 Bxb1 24. Rb5 Be4 25. Rb8+ Ne8 26. Bb5 Kf8 27.
Rxe8+ Qxe8 28. Bxe8 Kxe8 29. Ne5 f6 30. Nc4 Kd7 31. f3 Bd3 32. Nb2 Bb5 33. Kf2
a5 34. Nd1 Kc6 35. Ke1 Kd5 36. Kd2 Kc4 37. Nc3 Bc6 38. Kc2 a4 39. Nb1 Be8 40.
Na3+ Kb4 41. Kb2 Bg6 42. g4 Bd3 43. f4 g5 0-1

[Event "Frankfurt Ch 2011"]
[Site "Ffm-Kalbach, LAZ"]
[Date "2011.05.16"]
[Round "3.61"]
[White "Stulken, Dietmar"]
[Black "Imelmann, Esther"]
[Result "1-0"]
[WhiteElo "1384"]
[BlackElo "1790"]
[PlyCount "77"]
[EventDate "2011.??.??"]
[WhiteTeam "Sfr. Frankfurt 1921"]
[BlackTeam "SV Mainz-Mombach"]

1. e4 e6 2. d4 d5 3. exd5 exd5 4. Bd3 Bd6 5. Nf3 Ne7 6. O-O O-O 7. Be3 Bf5 8.
Re1 f6 9. c4 Bxd3 10. Qxd3 dxc4 11. Qxc4+ Kh8 12. Nc3 c6 13. Ne4 Nd5 14. Nxd6
Qxd6 15. Qc5 Qd8 16. Rad1 Na6 17. Qc4 Qd6 18. a3 Rfe8 19. Bd2 Nac7 20. Qc5 Qd7
21. Qc2 Qg4 22. h3 Qd7 23. Rxe8+ Rxe8 24. Re1 Rxe1+ 25. Nxe1 Nb5 26. Qe4 Kg8
27. Nf3 Nd6 28. Qe2 Kf7 29. Kf1 Qf5 30. Bc1 Qb1 31. Qe1 Nb5 32. Kg1 Nd6 33. Kh2
Qd3 34. Qd2 Qe4 35. Qe1 Qg6 36. Nh4 Qc2 37. Qd2 Qb1 38. Nf3 Ne4 39. Qe1 {ZÜ}
1-0

[Event "Frankfurt Ch 2011"]
[Site "Ffm-Kalbach, LAZ"]
[Date "2011.05.16"]
[Round "3.62"]
[White "Rehn, Hans Peter"]
[Black "Rauscher, Joachim"]
[Result "0-1"]
[WhiteElo "1921"]
[BlackElo "1525"]
[PlyCount "64"]
[EventDate "2011.??.??"]
[WhiteTeam "SK Gründau"]
[BlackTeam "SC Brett vor'm Kopp Ffm"]

1. d4 d5 2. c4 e6 3. Nf3 Nf6 4. g3 Be7 5. Bg2 c6 6. Nbd2 O-O 7. O-O Nbd7 8. b3
b6 9. Bb2 Bb7 10. Ne5 Nxe5 11. dxe5 Nd7 12. Rc1 Rc8 13. f4 Bc5+ 14. Kh1 Be3 15.
Rc2 a5 16. Nf3 Ba6 17. Qd3 Bc5 18. Rd1 h6 19. e4 Qe7 20. f5 Rfd8 21. exd5 cxd5
22. f6 Qf8 23. fxg7 Qxg7 24. Qe2 dxc4 25. Rcd2 c3 26. Qxa6 cxd2 27. Rxd2 Nf8
28. Qe2 Rxd2 29. Nxd2 Rd8 30. Ne4 Qg6 31. Nf6+ Kh8 32. Be4 Qg5 0-1

[Event "Frankfurt Ch 2011"]
[Site "Ffm-Kalbach, LAZ"]
[Date "2011.05.16"]
[Round "3.63"]
[White "Bergmann, Michael"]
[Black "Jordake, Michael"]
[Result "0-1"]
[WhiteElo "1511"]
[BlackElo "1710"]
[PlyCount "58"]
[EventDate "2011.??.??"]
[WhiteTeam "vereinslos"]
[BlackTeam "SC Bergen-Enkheim 1922"]

1. d4 Nf6 2. c4 e5 3. dxe5 Ng4 4. Bf4 Nc6 5. Nf3 Bb4+ 6. Nbd2 Qe7 7. e3 Ngxe5
8. Be2 d6 9. O-O a6 10. a3 Bc5 11. b4 Ba7 12. b5 axb5 13. cxb5 Nd8 14. Bxe5
dxe5 15. Qa4 O-O 16. Qe4 Re8 17. Rfd1 Bc5 18. a4 f6 19. Qd5+ Be6 20. Qe4 Rb8
21. Bd3 g6 22. Bc4 Nf7 23. Nb3 Nd6 24. Bxe6+ Qxe6 25. Nxc5 Nxe4 26. Nxe6 Rxe6
27. Rd7 Rc8 28. Rc1 Rd6 29. Rcxc7 Rxc7 0-1

[Event "Frankfurt Ch 2011"]
[Site "Ffm-Kalbach, LAZ"]
[Date "2011.05.16"]
[Round "3.64"]
[White "Krischak, Werner"]
[Black "Heun, Andreas"]
[Result "1-0"]
[WhiteElo "1822"]
[BlackElo "1509"]
[PlyCount "87"]
[EventDate "2011.??.??"]
[WhiteTeam "SK Marburg 1931/72"]
[BlackTeam "SC Ladja Roßdorf"]

1. d4 Nf6 2. Nf3 e6 3. c4 d5 4. Nc3 c6 5. e3 Bb4 6. Qc2 Ne4 7. a3 Qa5 8. Bd2
Nxd2 9. Nxd2 O-O 10. Bd3 f5 11. O-O Be7 12. b4 Qd8 13. Nf3 Nd7 14. c5 Qe8 15.
b5 Qh5 16. Be2 Qe8 17. Qa4 Nf6 18. Ne5 Bd7 19. Rab1 Ng4 20. bxc6 bxc6 21. Bxg4
fxg4 22. Rb7 Bc8 23. Rc7 Bf6 24. Nxc6 Bd7 25. Ne7+ Qxe7 26. Qxd7 Qxd7 27. Rxd7
Rab8 28. Rxa7 Rb3 29. Na2 e5 30. dxe5 Bxe5 31. Nb4 Bb8 32. Rd7 Rxa3 33. Nxd5
Ra2 34. c6 Rc2 35. c7 Bxc7 36. Rxc7 Rd2 37. Nf4 h6 38. Ne6 Rf6 39. Nxg7 Rd5 40.
g3 Rf7 41. Ne6 Rf6 42. Nf4 Rd2 43. Ra1 Rd8 44. Raa7 1-0

[Event "Frankfurt Ch 2011"]
[Site "Ffm-Kalbach, LAZ"]
[Date "2011.05.16"]
[Round "3.65"]
[White "Schellen, Sven"]
[Black "Rondorf, Jochen"]
[Result "1/2-1/2"]
[WhiteElo "1745"]
[BlackElo "1499"]
[PlyCount "129"]
[EventDate "2011.??.??"]
[WhiteTeam "Sfr. Frankfurt 1921"]
[BlackTeam "SG Niederkassel"]

1. b3 e5 2. Bb2 Nc6 3. Qc1 d5 4. Nc3 Nf6 5. Nd1 Bd6 6. f3 O-O 7. Nf2 Bf5 8. g4
Bg6 9. h4 h5 10. g5 Nd7 11. c4 Nb4 12. d3 d4 13. Bg2 Rb8 14. Ngh3 c5 15. O-O
Re8 16. a3 Nc6 17. Ne4 Be7 18. f4 Bf5 19. e3 Qb6 20. exd4 exd4 21. Qc2 a5 22.
Rae1 Qc7 23. Bc1 Nf8 24. Ng3 Bxh3 25. Bxh3 Ng6 26. Nf5 Bd6 27. Rxe8+ Rxe8 28.
Nxd6 Qxd6 29. Qd1 Nxh4 30. Qxh5 Ng6 31. Kh1 b6 32. f5 Nge5 33. Bf4 Qf8 34. g6
fxg6 35. fxg6 Qf6 36. Bg5 Qxg6 37. Qxg6 Nxg6 38. Bd7 Re5 39. Bc1 Nge7 40. Bf4
Rh5+ 41. Kg2 Ne5 42. Be8 Nxd3 43. Bxh5 g6 44. Be2 Nxf4+ 45. Rxf4 Kg7 46. Bg4 g5
47. Re4 Ng6 48. Kg3 d3 49. Re6 Nf4 50. Rxb6 Kf7 51. Ra6 a4 52. Rxa4 Kf6 53.
Ra6+ Ke5 54. b4 Kd4 55. bxc5 Kxc5 56. Ra4 Kd4 57. Bd1 d2 58. Rb4 Nd3 59. Ra4
Nb2 60. Rb4 Nxd1 61. Rb1 Nc3 62. Ra1 d1=Q 63. Rxd1+ Nxd1 64. a4 Kc5 65. a5
1/2-1/2

[Event "Frankfurt Ch 2011"]
[Site "Ffm-Kalbach, LAZ"]
[Date "2011.05.16"]
[Round "3.66"]
[White "Bender, Manfred"]
[Black "Lewien, Frank"]
[Result "1/2-1/2"]
[WhiteElo "1821"]
[BlackElo "1499"]
[PlyCount "52"]
[EventDate "2011.??.??"]
[WhiteTeam "Sfr. Taunus Königstein/Schwalbac"]
[BlackTeam "SV Lahn Limburg"]

1. d4 Nf6 2. c4 e6 3. Nf3 b6 4. e3 Bb7 5. Be2 Be7 6. O-O O-O 7. Nbd2 d6 8. b3
Nbd7 9. Qc2 d5 10. Bb2 Ne4 11. Nxe4 dxe4 12. Nd2 f5 13. Rfd1 Bd6 14. Nf1 Qh4
15. d5 e5 16. a3 a5 17. Bc3 Rf6 18. b4 a4 19. c5 bxc5 20. Bb5 cxb4 21. axb4 Nb6
22. Qb2 Bxd5 23. Bxe5 Bxe5 24. Qxe5 c6 25. Be2 Qg5 26. Qc7 Nc4 1/2-1/2

[Event "Frankfurt Ch 2011"]
[Site "Ffm-Kalbach, LAZ"]
[Date "2011.05.16"]
[Round "3.67"]
[White "Kirschner, Matthias"]
[Black "Storch, Dominik"]
[Result "1-0"]
[WhiteElo "1703"]
[BlackElo "1883"]
[PlyCount "97"]
[EventDate "2011.??.??"]
[WhiteTeam "SV 1997 Nauheim"]
[BlackTeam "Frankfurter TV 1860"]

1. c4 c5 2. Nc3 Nc6 3. g3 g6 4. Bg2 Bg7 5. Nf3 e6 6. a3 Nge7 7. Rb1 a5 8. O-O
O-O 9. d3 d5 10. Qc2 d4 11. Na2 a4 12. Bd2 h6 13. b4 axb3 14. Rxb3 e5 15. Rfb1
f5 16. Bc1 g5 17. Rb5 Qd6 18. a4 e4 19. Ne1 e3 20. fxe3 dxe3 21. Bxe3 Bd4 22.
Qd2 Rxa4 23. Nc3 Ra3 24. R5b3 Rxb3 25. Rxb3 f4 26. Bxd4 Nxd4 27. Rb2 fxg3 28.
hxg3 Qxg3 29. Ne4 Qc7 30. e3 Ndf5 31. Qc1 Ng3 32. Nf2 Ng6 33. Qb1 Qe5 34. d4
Qf6 35. Ned3 cxd4 36. Rb6 Qf7 37. Bd5 dxe3 38. Bxf7+ Rxf7 39. Rxg6+ Kh7 40. Kg2
exf2 41. Nxf2 Bf5 42. Rxh6+ Kxh6 43. Qb6+ Kh5 44. Kxg3 Rd7 45. Qf6 Bg6 46. c5
Rf7 47. Qh8+ Rh7 48. Qc8 Rf7 49. Qh3# 1-0

[Event "Frankfurt Ch 2011"]
[Site "Ffm-Kalbach, LAZ"]
[Date "2011.05.16"]
[Round "3.68"]
[White "Koch, Thomas"]
[Black "Fischer, Lutz"]
[Result "1-0"]
[WhiteElo "1938"]
[BlackElo "1492"]
[PlyCount "63"]
[EventDate "2011.??.??"]
[WhiteTeam "SV 1934 Ffm-Griesheim"]
[BlackTeam "Sfr. Frankfurt 1921"]

1. e4 e6 2. d4 d5 3. Nc3 Bb4 4. Qg4 Nf6 5. Qxg7 Rg8 6. Qh6 Rg6 7. Qe3 Nxe4 8.
Nf3 Nd7 9. Bd2 Nxd2 10. Kxd2 Nf6 11. Kc1 Ng4 12. Qd2 c5 13. a3 Qa5 14. Bd3 Rg7
15. h3 cxd4 16. Nxd4 Ne5 17. g4 Nxd3+ 18. cxd3 Be7 19. Qe3 Bg5 20. f4 Be7 21.
Kd2 Bd7 22. Rac1 Qb6 23. b4 Kd8 24. Rhe1 Bf6 25. Nce2 Rg8 26. Rc5 Rc8 27. Rec1
Qd6 28. Nb5 Qa6 29. Rxc8+ Bxc8 30. Qc5 Bd7 31. Nd6 Be7 32. Qc7# 1-0

[Event "Frankfurt Ch 2011"]
[Site "Ffm-Kalbach, LAZ"]
[Date "2011.05.16"]
[Round "3.69"]
[White "Reitz, Thomas"]
[Black "Cipca, Adrian"]
[Result "0-1"]
[WhiteElo "1482"]
[BlackElo "1888"]
[PlyCount "64"]
[EventDate "2011.??.??"]
[WhiteTeam "BSSK Frankfurt 1956"]
[BlackTeam "SK Bad Homburg 1927"]

1. e4 c5 2. Nf3 Nc6 3. d4 cxd4 4. Nxd4 g6 5. Nc3 Bg7 6. Nb3 Nf6 7. Be2 O-O 8.
O-O b6 9. f4 d6 10. Bf3 Bb7 11. Qe2 Rb8 12. Rd1 Qc8 13. h3 a6 14. a4 Nb4 15.
Rd4 a5 16. Rc4 Qd7 17. Qd1 Ba6 18. Rd4 Qc7 19. Be3 Rfd8 20. Rc1 Nd7 21. Nd5
Nxd5 22. Rxd5 Bxb2 23. Rb1 Bg7 24. Nd4 Rdc8 25. e5 dxe5 26. Nb5 Bxb5 27. Rbxb5
Nf6 28. Rxe5 e6 29. Bd4 Rd8 30. c3 Nd7 31. Re4 Nc5 32. Re2 Qxf4 0-1

[Event "Frankfurt Ch 2011"]
[Site "Ffm-Kalbach, LAZ"]
[Date "2011.05.16"]
[Round "3.70"]
[White "Mühlbach, Christian"]
[Black "Hartmann, Stephan"]
[Result "1/2-1/2"]
[WhiteElo "1709"]
[BlackElo "1441"]
[PlyCount "94"]
[EventDate "2011.??.??"]
[WhiteTeam "SK Langen"]
[BlackTeam "SG Turm Idstein"]

1. e4 c6 2. Nc3 d5 3. e5 Bf5 4. f4 h5 5. d4 f6 6. Bd3 Nh6 7. Qxh5+ g6 8. Qe2
Bxd3 9. Qxd3 f5 10. Nf3 e6 11. Bd2 Bb4 12. h3 Nf7 13. O-O-O Nd7 14. g4 Qc7 15.
gxf5 gxf5 16. Rdg1 O-O-O 17. Ng5 Nxg5 18. Rxg5 Rdg8 19. Kb1 c5 20. Nb5 Qb6 21.
Nd6+ Kb8 22. Bxb4 Qxb4 23. c3 Qb6 24. Qb5 Qxb5 25. Nxb5 cxd4 26. cxd4 a6 27.
Nd6 Rxg5 28. fxg5 Nf8 29. h4 Rh5 30. Kc2 Ng6 31. Kd3 Rxh4 32. Rxh4 Nxh4 33. Ke3
Ng6 34. a4 Kc7 35. b4 Kc6 36. Ne8 Kd7 37. Ng7 Ke7 38. Nh5 b5 39. axb5 axb5 40.
Kf3 Nh4+ 41. Kf2 Ng6 42. Ng3 Kd7 43. Ne2 Kc6 44. Kf3 Kd7 45. Nf4 Nxf4 46. Kxf4
Ke7 47. g6 Kf8 1/2-1/2

[Event "Frankfurt Ch 2011"]
[Site "Ffm-Kalbach, LAZ"]
[Date "2011.05.16"]
[Round "3.72"]
[White "Zelba, Gianluca"]
[Black "Lanz, Jürgen"]
[Result "1/2-1/2"]
[WhiteElo "1378"]
[BlackElo "1564"]
[PlyCount "67"]
[EventDate "2011.??.??"]
[WhiteTeam "SV Lahn Limburg"]
[BlackTeam "SC 1979 Hattersheim"]

1. d4 Nf6 2. c4 g6 3. Nc3 d5 4. Nf3 Bg7 5. Bf4 Ne4 6. Nxd5 Na6 7. e3 c6 8. Nc3
Qa5 9. Qc1 g5 10. Bg3 h5 11. h4 g4 12. Nd2 Nxg3 13. fxg3 Bf5 14. c5 Nb4 15. Nb3
Qc7 16. e4 Qxg3+ 17. Kd1 Bh6 18. Nd2 Bg6 19. Ne2 Qe3 20. Qc3 Nd3 21. Kc2 Qxd2+
22. Qxd2 Bxd2 23. Kxd3 Bh6 24. g3 O-O-O 25. Bg2 e5 26. Kc3 exd4+ 27. Nxd4 Bg7
28. Rad1 Be5 29. Rd3 f5 30. Re1 fxe4 31. Bxe4 Bxe4 32. Rxe4 Rd5 33. Kc4 Bxd4
34. Rexd4 1/2-1/2

[Event "Frankfurt Ch 2011"]
[Site "Ffm-Kalbach, LAZ"]
[Date "2011.05.16"]
[Round "3.73"]
[White "Annen, Oliver"]
[Black "Gläser, Michael"]
[Result "1-0"]
[WhiteElo "1559"]
[BlackElo "1151"]
[PlyCount "61"]
[EventDate "2011.??.??"]
[WhiteTeam "SK Bad Homburg 1927"]
[BlackTeam "TSG Nieder-Erlenbach 1888"]

1. c4 e6 2. Nc3 Nf6 3. d4 d5 4. Nf3 Bb4 5. e3 Bxc3+ 6. bxc3 Ne4 7. Qc2 Nc6 8.
Bd3 f5 9. O-O Ng5 10. Nxg5 Qxg5 11. e4 f4 12. exd5 exd5 13. cxd5 Bh3 14. Qe2+
Ne7 15. Qf3 Bg4 16. Qxf4 Qxf4 17. Bxf4 Nxd5 18. Rfe1+ Kd7 19. Bd2 Rae8 20. f3
Bh5 21. Bf5+ Kc6 22. Be4 h6 23. c4 Rxe4 24. cxd5+ Kxd5 25. Rxe4 Bg6 26. Rg4 Bd3
27. Rxg7 Kxd4 28. Rd7+ Kc4 29. Rxc7+ Kd4 30. Bc3+ Ke3 31. Bxh8 1-0

[Event "Frankfurt Ch 2011"]
[Site "Ffm-Kalbach, LAZ"]
[Date "2011.05.16"]
[Round "3.74"]
[White "Richter, Wolfram"]
[Black "Urbach, Jens"]
[Result "1-0"]
[WhiteElo "1544"]
[BlackElo "1127"]
[PlyCount "75"]
[EventDate "2011.??.??"]
[WhiteTeam "SK Bad Sooden-Allendorf"]
[BlackTeam "Sfr. Frankfurt 1921"]

1. Nf3 d5 2. g3 g6 3. d3 Bg7 4. Nbd2 Nf6 5. e4 dxe4 6. dxe4 O-O 7. Bg2 Nc6 8.
O-O b6 9. Re1 e5 10. Re3 Ba6 11. c3 Qd7 12. Qa4 Bb7 13. b4 a6 14. Ba3 b5 15.
Qc2 Rfd8 16. Nb3 Bc8 17. Nc5 Qd6 18. Bf1 Bh6 19. Rd3 Qe7 20. Rad1 Rxd3 21. Rxd3
Bg4 22. Bc1 Bxc1 23. Qxc1 Bxf3 24. Rxf3 Kg7 25. Rd3 Nd8 26. Bh3 Ne6 27. Bxe6
fxe6 28. Qd2 Kh8 29. Qg5 Qf7 30. Qxe5 Kg8 31. Qd4 Ng4 32. f3 Rf8 33. Nd7 Rd8
34. Nf6+ Qxf6 35. Qxd8+ Kg7 36. fxg4 Qe5 37. Rd7+ Kh6 38. Qh4+ 1-0